书目信息 |
| 题名: |
经济法学习题集
|
|
| 作者: | 林秀芹 主编 | |
| 分册: | ||
| 出版信息: | 厦门 厦门大学出版社 2005.06 |
|
| 页数: | 222页 | |
| 开本: | 26cm | |
| 丛书名: | 厦门大学法学院教学资料系列 | |
| 单 册: | ||
| 中图分类: | D922.29 | |
| 科图分类: | ||
| 主题词: | 经济法--Jing Ji Fa--中国--高等学校--习题 | |
| 电子资源: | ||
| ISBN: | 7-5615-2420-X | |
| 000 | 00982nam 2200241 450 | |
| 001 | CAL 012005109141 | |
| 005 | 20060526161958.03 | |
| 010 | @a7-5615-2420-X@dCNY 22.00 | |
| 099 | @aCAL 012005109141 | |
| 100 | @a20050911d2005 em y0chiy0121 ea | |
| 101 | 0 | @achi |
| 102 | @aCN@b350200 | |
| 200 | 1 | @a经济法学习题集@AJing Ji Fa Xue Xi Ti Ji@f林秀芹主编 |
| 210 | @a厦门@c厦门大学出版社@d2005.06 | |
| 215 | @a222页@d26cm | |
| 225 | 2 | @a厦门大学法学院教学资料系列@ASha Men Da Xue Fa Xue Yuan Jiao Xue Zi Liao Xi Lie |
| 330 | @a本丛书共有12个分册,严格按照厦门大学法学院制定的教学大纲要求的范围与深度,注重理论联系实际,旨在使学生通过习题练习和案例分析,准确和深刻理解相关学科的基本概念和基本理论,把握学习重点和难点,掌握答题的技巧和解决问题的能力。 | |
| 410 | 0 | @12001 @a厦门大学法学院教学资料系列 |
| 606 | 0 | @a经济法@AJing Ji Fa@y中国@x高等学校@j习题 |
| 690 | @aD922.29@v4 | |
| 701 | 0 | @a林秀芹@ALin Xiu Qin@4主编 |
| 801 | 0 | @aCN@bSEU@c20060526 |
| 905 | @a10447@dD922.29@eL525 | |
| 经济法学习题集/林秀芹主编.-厦门:厦门大学出版社,2005.06 |
| 222页;26cm.-(厦门大学法学院教学资料系列) |
| ISBN 7-5615-2420-X:CNY 22.00 |
| 本丛书共有12个分册,严格按照厦门大学法学院制定的教学大纲要求的范围与深度,注重理论联系实际,旨在使学生通过习题练习和案例分析,准确和深刻理解相关学科的基本概念和基本理论,把握学习重点和难点,掌握答题的技巧和解决问题的能力。 |
| ● |
| 相关链接 |
|
|
|
正题名:经济法学习题集
索取号:D922.29/L525
 
预约/预借
| 序号 | 登录号 | 条形码 | 馆藏地/架位号 | 状态 | 备注 |
| 1 | 603789 | 206037894 | 社科库509/509社科库 87排3列3层/ [索取号:D922.29/L525] | 在馆 | |
| 2 | 603790 | 206037901 | 社科库509/509社科库 87排3列3层/ [索取号:D922.29/L525] | 在馆 | |
| 3 | 603791 | 206037910 | 社科库509/ [索取号:D922.29/L525] | 在馆 | |
| 4 | 603792 | 206037929 | 社科库509/509社科库 87排3列3层/ [索取号:D922.29/L525] | 在馆 |